00607nam a2200193Ia 4500003000400000005001700004008004100021020001800062040001800080041000800098082002200106100001900128245007400147250001200221260004800233300003100281650004200312650005900354OSt20220929111100.0210716s2016 xx 000 0 und d a9788120352100 cAIMIT LIBRARY aeng a005.448 21bCOUA aCouch, Andrew. aExtend microsoft access applications to the cloud /cBy Andrew Couch. a1st ed. aNew Delhi :bPHI Learning Pvt Ltd ,c2016 . axxv, 403p. ;bPBc23.5 cm. aProgramming a web app by using macros aLooking under the hood at microsoft azure SQL database